000
00246pam a2200121 a 4500
020
_c
041
_h
100
_a
Gurshan S. Singh
245
_a
Indias Rural coperatives
260
_b
Regency publications.
300
_a
675
930
_a
2068
999
_c
247921
_d
247921